Fundamentals of corporate finance / (Record no. 43973)

MARC details
001 - CONTROL NUMBER
control field 0000
003 - CONTROL NUMBER IDENTIFIER
control field 0000
005 - DATE AND TIME OF LATEST TRANSACTION
control field 20251106113029.0
008 - FIXED-LENGTH DATA ELEMENTS--GENERAL INFORMATION
fixed length control field 161216s2018 nyu 001 0 eng
010 ## - LIBRARY OF CONGRESS CONTROL NUMBER
LC control number 2016053928
020 ## - INTERNATIONAL STANDARD BOOK NUMBER
International Standard Book Number 9780273753469
035 ## - SYSTEM CONTROL NUMBER
System control number 19409117
040 ## - CATALOGING SOURCE
Original cataloging agency DLC
Language of cataloging eng
Transcribing agency DLC
Description conventions rda
Modifying agency DLC
042 ## - AUTHENTICATION CODE
Authentication code pcc
050 00 - LIBRARY OF CONGRESS CALL NUMBER
Classification number HG 4026 .B464
082 00 - DEWEY DECIMAL CLASSIFICATION NUMBER
Classification number 658.15
Edition number 23
100 1# - MAIN ENTRY--PERSONAL NAME
Personal name Berk, Jonathan B.,
Dates associated with a name 1962-
Relator term author.
245 10 - TITLE STATEMENT
Title Fundamentals of corporate finance /
Statement of responsibility, etc Jonathan Berk, Stanford University, Peter DeMarzo, Stanford University, Jarrad Harford, University of Washington.
250 ## - EDITION STATEMENT
Edition statement 2nd. ed.
264 #1 - PUBLICATION, DISTRIBUTION, ETC. (IMPRINT)
Place of publication, distribution, etc New York, NY :
Name of publisher, distributor, etc Pearson,
Date of publication, distribution, etc 2012
300 ## - PHYSICAL DESCRIPTION
Extent xxviii, 770 pages ;
Dimensions 27 cm
336 ## - CONTENT TYPE
Content type term text
Content type code txt
Source rdacontent
337 ## - MEDIA TYPE
Media type term unmediated
Media type code n
Source rdamedia
338 ## - CARRIER TYPE
Carrier type term volume
Carrier type code nc
Source rdacarrier
500 ## - GENERAL NOTE
General note Includes index.
650 #0 - SUBJECT ADDED ENTRY--TOPICAL TERM
Topical term or geographic name as entry element Corporations
General subdivision Finance.
700 1# - ADDED ENTRY--PERSONAL NAME
Personal name DeMarzo, Peter M.,
Relator term author.
700 1# - ADDED ENTRY--PERSONAL NAME
Personal name Harford, Jarrad V. T.,
Relator term author.
906 ## - LOCAL DATA ELEMENT F, LDF (RLIN)
a 7
b cbc
c orignew
d 1
e ecip
f 20
g y-gencatlg
942 ## - ADDED ENTRY ELEMENTS (KOHA)
Source of classification or shelving scheme Library of Congress Classification
Koha item type Books
Holdings
Withdrawn status Lost status Source of classification or shelving scheme Damaged status Not for loan Permanent Location Current Location Date acquired Total Checkouts Full call number Barcode Date last seen Price effective from Koha item type
    Library of Congress Classification     NILE UNIVERSITY OF NIGERIA - MAIN LIBRARY NILE UNIVERSITY OF NIGERIA - MAIN LIBRARY 11/06/2025   HG 4026 .B464 2012 0011217 11/06/2025 11/06/2025 Books
    Library of Congress Classification     NILE UNIVERSITY OF NIGERIA - MAIN LIBRARY NILE UNIVERSITY OF NIGERIA - MAIN LIBRARY 11/06/2025   HG 4026 .B464 2012 0010870 11/06/2025 11/06/2025 Books